[Event "FIDE Chesscom Grand Swiss 2019"]
[Site "Douglas-Isle of Man"]
[Date "2019.10.20"]
[Round "10.30"]
[White "Eljanov, Pavel"]
[Black "Esipenko, Andrey"]
[Result "1/2-1/2"]
[WhiteElo "2663"]
[BlackElo "2624"]
[Annotator "TA"]
[PlyCount "83"]
[EventDate "2019.10.10"]
[EventType "swiss"]
[EventCountry "GBR"]
[SourceTitle "playchess.com"]
[Source "ChessBase"]
[SourceQuality "1"]

{[%evp 14,83,9,7,9,1,2,12,7,0,2,0,9,0,0,0,12,12,12,12,10,8,35,6,6,6,6,6,31,25,29,30,23,28,28,19,33,28,21,35,14,6,12,6,17,18,32,36,23,20,22,18,10,11,16,0,28,0,0,0,0,0,26,0,11,0,56,0,0,0,0,0]} 1. e4 e5 2. Nf3 Nc6 3. Bc4 Bc5 4. O-O Nf6 5. d3 O-O 6. h3 d6 7. c3 h6 8. Re1 a5 {C54: Giuoco Piano: 4 c3 Nf6, main lines with 5 d4 and 5 d3} 9. Bb5 Ba7 10. Nbd2 Ne7 11. d4 Ng6 12. Bd3 $146 ({Predecessor:} 12. Nf1 d5 13. exd5 exd4 14. c4 Qd6 15. Nxd4 Nxd5 16. cxd5 Qxd5 {0-1 (22) Volokitin,A (2628)-Ding,L (2777) Riadh 2017}) 12... Re8 13. Nf1 d5 14. dxe5 Nxe4 15. Be3 Bxe3 16. Rxe3 Bf5 17. Nd4 Bd7 18. f3 (18. e6 $5 Bxe6 19. f3 $11) 18... Nc5 19. Bxg6 $1 fxg6 20. f4 Ne6 21. Nxe6 Bxe6 22. Qd3 Bf5 23. Qd4 Rf8 24. Ng3 Be6 25. Rf1 Qe7 26. Qd3 Qf7 27. Ref3 c5 28. Qb5 Qe7 29. R1f2 Rad8 30. Qb6 a4 31. a3 Rc8 32. Qb5 Qd7 33. Qd3 Qf7 34. Qc2 Qe8 35. f5 gxf5 36. Nxf5 Bxf5 37. Rxf5 Qc6 38. R2f4 (38. Rf6 $5 Rxf6 39. exf6 $11) 38... b5 39. Qd3 Rce8 (39... Qd7 $11) 40. Rxf8+ ({Better is} 40. Rf6 $1 $14 Rxf6 41. exf6 Re1+ 42. Kh2) 40... Rxf8 $11 41. Rxf8+ Kxf8 42. Qf5+ {Accuracy: White = 56%, Black = 75%.} 1/2-1/2

[Event "FIDE Chesscom Grand Swiss 2019"]
[Site "Douglas-Isle of Man"]
[Date "2019.10.20"]
[Round "10.30"]
[White "Iturrizaga Bonelli, Eduardo"]
[Black "Boruchovsky, Avital"]
[Result "1-0"]
[WhiteElo "2629"]
[BlackElo "2533"]
[Annotator "ChessBase"]
[PlyCount "101"]
[EventDate "2019.10.10"]
[EventType "swiss"]
[EventCountry "GBR"]
[SourceTitle "playchess.com"]
[Source "ChessBase"]
[SourceQuality "1"]
[TimeControl "40/6000+30:20/3000+30:900+30"]

1. c4 {[%emt 0:00:00]} b6 {[%emt 0:00:00]} 2. Nc3 {[%emt 0:00:41]} Bb7 {[%emt 0:00:15]} 3. d4 {[%emt 0:01:51]} e6 {[%emt 0:00:14]} 4. a3 {[%emt 0:00:08]} Nf6 {[%emt 0:02:40]} 5. Nf3 {[%emt 0:00:44]} Be7 {[%emt 0:03:11]} 6. d5 {[%emt 0:01:26]} O-O {[%emt 0:04:24]} 7. g3 {[%emt 0:03:44]} exd5 {[%emt 0:01:12]} 8. cxd5 {[%emt 0:00:06]} b5 {[%emt 0:06:42]} 9. Bg2 {[%emt 0:13:25]} b4 {[%emt 0:00:08]} 10. axb4 {[%emt 0:00:03]} Bxb4 {[%emt 0:00:06]} 11. Nh4 {[%emt 0:00:51]} d6 {[%emt 0:01:07]} 12. O-O {[%emt 0:05:19]} Nbd7 {[%emt 0:01:58]} 13. e4 {[%emt 0:09:21]} Re8 {[%emt 0:00:54]} 14. Re1 {[%emt 0:03:34]} Nc5 {[%emt 0:07:54]} 15. Nf5 {[%emt 0:01:15]} Qd7 {[%emt 0:09:41]} 16. Bh3 {[%emt 0:21:53]} Kh8 {[%emt 0:03:44]} 17. f3 {[%emt 0:00:29]} Bxc3 {[%emt 0:34:11]} 18. bxc3 {[%emt 0:00:07]} Qb5 {[%emt 0:00:25]} 19. Be3 {[%emt 0:09:33]} Nfd7 {[%emt 0:01:55]} 20. Rb1 {[%emt 0:01:55]} Qa6 {[%emt 0:01:29]} 21. Bd4 {[%emt 0:05:52]} f6 {[%emt 0:00:10]} 22. Bf1 {[%emt 0:01:34]} Qa5 {[%emt 0:00:11]} 23. Qc2 {[%emt 0:12:18]} Ne5 {[%emt 0:06:20]} 24. Be2 {[%emt 0:01:56]} a6 {[%emt 0:01:43]} 25. f4 {[%emt 0:07:46]} Ned7 {[%emt 0:00:12]} 26. Ra1 {[%emt 0:02:04]} Qb6 {[%emt 0:00:01]} 27. Reb1 {[%emt 0:00:06]} Qa7 {[%emt 0:00:04]} 28. Bf3 {[%emt 0:00:48]} a5 {[%emt 0:00:45]} 29. g4 {[%emt 0:00:20]} Rg8 {[%emt 0:07:43]} 30. Qg2 {[%emt 0:00:53]} g5 {[%emt 0:02:29]} 31. fxg5 {[%emt 0:03:00]} Rxg5 {[%emt 0:00:01]} 32. h4 {[%emt 0:00:20]} Rgg8 {[%emt 0:00:05]} 33. Kh2 {[%emt 0:00:55]} Ne5 {[%emt 0:00:05]} 34. Be2 {[%emt 0:01:15]} Rae8 {[%emt 0:01:21]} 35. g5 {[%emt 0:00:56]} Qa8 {[%emt 0:00:28]} 36. Rg1 {[%emt 0:00:56]} Ned7 {[%emt 0:10:04]} 37. Bb5 {[%emt 0:00:26]} c6 {[%emt 0:02:23]} 38. Nxd6 {[%emt 0:00:34]} Qb8 {[%emt 0:00:01]} 39. e5 {[%emt 0:00:24]} fxe5 {[%emt 0:00:53]} 40. Nf7+ {[%emt 0:00:40]} Kg7 {[%emt 0:00:01]} 41. Bxc5 {[%emt 0:05:57]} Nxc5 {[%emt 0:04:24]} 42. Qf1 {[%emt 0:06:29]} Ne4 {[%emt 0:02:18]} 43. h5 {[%emt 0:07:33]} cxb5 {[%emt 0:05:37]} 44. Qf5 {[%emt 0:02:03]} Qc8 {[%emt 0:04:58]} 45. Qxe4 {[%emt 0:01:57]} Qxc3 {[%emt 0:03:57]} 46. Raf1 {[%emt 0:04:27]} Qd2+ {[%emt 0:00:38]} 47. Rg2 {[%emt 0:00:05]} Qxd5 {[%emt 0:00:04]} 48. h6+ {[%emt 0:00:05]} Kf8 {[%emt 0:00:04]} 49. Nxe5+ {[%emt 0:00:10]} Ke7 {[%emt 0:00:05]} 50. Nc6+ {[%emt 0:00:43]} Kd6 {[%emt 0:00:04]} 51. Rf6+ {[%emt 0:00:04]} 1-0

[Event "FIDE Chesscom Grand Swiss 2019"]
[Site "Douglas-Isle of Man"]
[Date "2019.10.20"]
[Round "10.31"]
[White "Gukesh D"]
[Black "Dreev, Aleksey"]
[Result "1/2-1/2"]
[WhiteElo "2520"]
[BlackElo "2662"]
[Annotator "TA"]
[PlyCount "38"]
[EventDate "2019.10.10"]
[EventType "swiss"]
[EventCountry "GBR"]
[SourceTitle "playchess.com"]
[Source "ChessBase"]
[SourceQuality "1"]

{[%evp 17,38,37,37,41,33,39,48,38,39,89,22,31,45,0,0,0,0,0,0,0,0,0,0]} 1. e4 c5 2. Nf3 e6 3. d4 cxd4 4. Nxd4 Nf6 ({Predecessor:} 4... Nc6 5. Nc3 {½-½ (18) Hanzalik,R (2336)-Giobbi,C (2231) ICCF email 2013}) 5. Nc3 Nc6 6. Ndb5 Bb4 7. Bf4 Nxe4 8. Qf3 d5 9. Nc7+ Kf8 $1 {[#] Threatens to win with ...g5.} 10. Nxa8 {aiming for 0-0-0. B45: Sicilian Four Knights} e5 11. Bd2 $1 Nd4 $146 (11... Nxd2 12. Qxd5 Nxf1 13. Qxd8+ Nxd8 14. O-O-O Nc6 15. Nd5 Bd2+ 16. Kb1 Nxh2 17. Rxd2 Ng4 {1-0 (47) Kononenko,D (2617)-Westerberg,J (2452) Pardubice 2015}) 12. Qd1 {Strongly threatening Nxe4.White is slightly better.} ({Much weaker is} 12. Qd3 Nc5 $17) 12... Qh4 $1 {[%csl Ge4][%cal Rh4f2]} 13. g3 Qf6 {[%csl Ge4][%cal Rf6f2] [#]} 14. Nxe4 Nf3+ 15. Ke2 (15. Qxf3 $5 Qxf3 16. Bxb4+ Kg8 17. Nd6 Qxh1 18. O-O-O $11) 15... Nd4+ {The position is equal.} 16. Ke1 Nf3+ 17. Ke2 $1 ({Wrong is} 17. Qxf3 $2 Qxf3 18. Bxb4+ Kg8 $19) 17... Nd4+ 18. Ke1 Nf3+ 19. Ke2 $1 ({Not} 19. Qxf3 $2 Qxf3 20. Bxb4+ Kg8 $19) 19... Nd4+ 1/2-1/2

[Event "FIDE Chesscom Grand Swiss 2019"]
[Site "Douglas-Isle of Man"]
[Date "2019.10.20"]
[Round "10.31"]
[White "Houska, Jovanka"]
[Black "Efimenko, Zahar"]
[Result "0-1"]
[WhiteElo "2430"]
[BlackElo "2604"]
[Annotator "ChessBase"]
[PlyCount "100"]
[EventDate "2019.10.10"]
[EventType "swiss"]
[EventCountry "GBR"]
[SourceTitle "playchess.com"]
[Source "ChessBase"]
[SourceQuality "1"]
[TimeControl "40/6000+30:20/3000+30:900+30"]

1. d4 {[%emt 0:00:00]} g6 {[%emt 0:00:16]} 2. Nf3 {[%emt 0:00:31]} Bg7 {[%emt 0:00:14]} 3. g3 {[%emt 0:00:48]} c5 {[%emt 0:00:30]} 4. c3 {[%emt 0:01:26]} Na6 {[%emt 0:04:05]} 5. Bg2 {[%emt 0:01:47]} Nf6 {[%emt 0:00:30]} 6. O-O {[%emt 0:00:12]} O-O {[%emt 0:00:27]} 7. a3 {[%emt 0:01:31]} b6 {[%emt 0:06:21]} 8. Ne5 {[%emt 0:05:42]} d5 {[%emt 0:01:04]} 9. b4 {[%emt 0:01:37]} Bb7 {[%emt 0:08:08]} 10. Bb2 {[%emt 0:04:24]} Nd7 {[%emt 0:04:46]} 11. c4 {[%emt 0:15:38]} Nxe5 {[%emt 0:13:07]} 12. dxe5 {[%emt 0:00:05]} e6 {[%emt 0:00:07]} 13. b5 {[%emt 0:06:16]} Nc7 {[%emt 0:00:35]} 14. a4 {[%emt 0:01:47]} a6 {[%emt 0:12:45]} 15. Na3 {[%emt 0:02:37]} axb5 {[%emt 0:02:39]} 16. axb5 {[%emt 0:03:05]} Ra7 {[%emt 0:08:22]} 17. Nc2 {[%emt 0:05:03]} Rxa1 {[%emt 0:04:30]} 18. Qxa1 {[%emt 0:04:09]} Qb8 {[%emt 0:00:33]} 19. Rd1 {[%emt 0:12:18]} dxc4 {[%emt 0:10:10]} 20. Qa4 {[%emt 0:01:05]} Bxg2 {[%emt 0:02:07]} 21. Kxg2 {[%emt 0:00:03]} Qa8+ {[%emt 0:01:52]} 22. Qxa8 {[%emt 0:00:54]} Rxa8 {[%emt 0:00:04]} 23. Ne3 {[%emt 0:00:37]} c3 {[%emt 0:02:03]} 24. Bxc3 {[%emt 0:00:15]} Nxb5 {[%emt 0:00:07]} 25. Bb2 {[%emt 0:03:11]} Nd4 {[%emt 0:01:24]} 26. Nc4 {[%emt 0:19:29]} b5 {[%emt 0:01:42]} 27. Nd6 {[%emt 0:00:28]} Nxe2 {[%emt 0:13:12]} 28. Nxb5 {[%emt 0:00:42]} Rb8 {[%emt 0:01:28]} 29. Rd2 {[%emt 0:00:05]} Rxb5 {[%emt 0:01:38]} 30. Rxe2 {[%emt 0:00:05]} Kf8 {[%emt 0:00:39]} 31. Kf3 {[%emt 0:00:48]} Ke8 {[%emt 0:00:31]} 32. Ke4 {[%emt 0:01:27]} Kd7 {[%emt 0:00:09]} 33. Bc3 {[%emt 0:00:03]} Rb3 {[%emt 0:02:38]} 34. Re3 {[%emt 0:03:35]} Kc6 {[%emt 0:00:59]} 35. Rf3 {[%emt 0:00:13]} Rb7 {[%emt 0:00:59]} 36. Rd3 {[%emt 0:00:12]} Bf8 {[%emt 0:02:29]} 37. Rd8 {[%emt 0:00:52]} Be7 {[%emt 0:00:03]} 38. Rh8 {[%emt 0:01:14]} h5 {[%emt 0:00:09]} 39. h3 {[%emt 0:01:27]} Kb5 {[%emt 0:03:04]} 40. g4 {[%emt 0:01:02]} h4 {[%emt 0:00:51]} 41. f4 {[%emt 0:51:10]} Kc4 {[%emt 0:52:21]} 42. Be1 {[%emt 0:01:55]} Kb3 {[%emt 0:00:00]} 43. f5 {[%emt 0:00:00]} gxf5+ {[%emt 0:00:00]} 44. gxf5 {[%emt 0:00:00]} exf5+ {[%emt 0:00:00]} 45. Kxf5 {[%emt 0:00:00]} c4 {[%emt 0:00:00]} 46. Rc8 {[%emt 0:00:00]} Rb5 {[%emt 0:00:00]} 47. Ke4 {[%emt 0:00:00]} f6 {[%emt 0:00:00]} 48. Bxh4 {[%emt 0:00:00]} f5+ {[%emt 0:00:00]} 49. Kxf5 {[%emt 0:00:00]} Bxh4 {[%emt 0:00:00]} 50. Kf4 {[%emt 0:00:00]} c3 {[%emt 0:00:00]} 0-1

[Event "FIDE Chesscom Grand Swiss 2019"]
[Site "Douglas-Isle of Man"]
[Date "2019.10.20"]
[Round "10.32"]
[White "Deac, Bogdan-Daniel"]
[Black "Kasimdzhanov, Rustam"]
[Result "1-0"]
[WhiteElo "2613"]
[BlackElo "2657"]
[Annotator "ChessBase"]
[PlyCount "123"]
[EventDate "2019.10.10"]
[EventType "swiss"]
[EventCountry "GBR"]
[SourceTitle "playchess.com"]
[Source "ChessBase"]
[SourceQuality "1"]
[TimeControl "40/6000+30:20/3000+30:900+30"]

1. d4 {[%emt 0:00:00]} Nf6 {[%emt 0:00:00]} 2. c4 {[%emt 0:00:00]} e6 {[%emt 0:00:00]} 3. Nf3 {[%emt 0:00:00]} d5 {[%emt 0:00:00]} 4. Nc3 {[%emt 0:00:00]} Be7 {[%emt 0:00:00]} 5. g3 {[%emt 0:03:51]} O-O {[%emt 0:01:27]} 6. Bg2 {[%emt 0:00:02]} dxc4 {[%emt 0:00:07]} 7. Ne5 {[%emt 0:00:05]} Nc6 {[%emt 0:00:06]} 8. Bxc6 {[%emt 0:00:06]} bxc6 {[%emt 0:00:04]} 9. Nxc6 {[%emt 0:00:10]} Qe8 {[%emt 0:00:07]} 10. Nxe7+ {[%emt 0:00:09]} Qxe7 {[%emt 0:00:07]} 11. Qa4 {[%emt 0:00:03]} c5 {[%emt 0:00:11]} 12. dxc5 {[%emt 0:00:14]} Qxc5 {[%emt 0:00:10]} 13. Be3 {[%emt 0:00:09]} Qc7 {[%emt 0:00:07]} 14. Rd1 {[%emt 0:03:46]} Bb7 {[%emt 0:05:42]} 15. O-O {[%emt 0:00:20]} Nd5 {[%emt 0:06:13]} 16. Bd4 {[%emt 0:09:30]} Rfd8 {[%emt 0:09:36]} 17. Nxd5 {[%emt 0:35:05]} Rxd5 {[%emt 0:00:29]} 18. Bc3 {[%emt 0:00:05]} Qc5 {[%emt 0:00:45]} 19. Rxd5 {[%emt 0:01:47]} Qxd5 {[%emt 0:02:07]} 20. f3 {[%emt 0:00:05]} Qc5+ {[%emt 0:00:28]} 21. Kg2 {[%emt 0:00:28]} e5 {[%emt 0:13:59]} 22. Rd1 {[%emt 0:09:51]} h6 {[%emt 0:00:24]} 23. Qd7 {[%emt 0:13:25]} Bc6 {[%emt 0:12:57]} 24. Qd6 {[%emt 0:00:10]} Qxd6 {[%emt 0:14:16]} 25. Rxd6 {[%emt 0:00:09]} Ba4 {[%emt 0:00:08]} 26. Ra6 {[%emt 0:03:05]} Bd7 {[%emt 0:10:37]} 27. Rd6 {[%emt 0:04:38]} Ba4 {[%emt 0:06:07]} 28. Ra6 {[%emt 0:03:09]} Bd7 {[%emt 0:00:10]} 29. e4 {[%emt 0:07:41]} f6 {[%emt 0:00:22]} 30. a4 {[%emt 0:00:10]} Bc8 {[%emt 0:10:26]} 31. Rd6 {[%emt 0:01:42]} a5 {[%emt 0:02:26]} 32. Kf2 {[%emt 0:06:33]} Bb7 {[%emt 0:03:35]} 33. Rb6 {[%emt 0:00:27]} Bc8 {[%emt 0:00:03]} 34. Rc6 {[%emt 0:00:07]} Bd7 {[%emt 0:00:39]} 35. Rxc4 {[%emt 0:00:06]} Rc8 {[%emt 0:04:52]} 36. Rxc8+ {[%emt 0:00:16]} Bxc8 {[%emt 0:00:01]} 37. Bxa5 {[%emt 0:00:08]} Bd7 {[%emt 0:00:05]} 38. b3 {[%emt 0:00:06]} Be6 {[%emt 0:00:03]} 39. b4 {[%emt 0:00:06]} Bb3 {[%emt 0:00:04]} 40. b5 {[%emt 0:00:04]} Bxa4 {[%emt 0:00:04]} 41. b6 {[%emt 0:50:05]} Bc6 {[%emt 0:50:07]} 42. g4 {[%emt 0:01:45]} g6 {[%emt 0:00:00]} 43. Bd2 {[%emt 0:00:00]} Kg7 {[%emt 0:00:00]} 44. Ke2 {[%emt 0:00:00]} Bb5+ {[%emt 0:00:00]} 45. Ke1 {[%emt 0:00:00]} Ba6 {[%emt 0:00:00]} 46. Be3 {[%emt 0:00:00]} Bb7 {[%emt 0:00:00]} 47. Ke2 {[%emt 0:00:00]} Ba6+ {[%emt 0:00:00]} 48. Kd2 {[%emt 0:00:00]} h5 {[%emt 0:00:00]} 49. g5 {[%emt 0:00:00]} Kf7 {[%emt 0:00:00]} 50. Ke1 {[%emt 0:00:00]} Ke6 {[%emt 0:03:09]} 51. gxf6 {[%emt 0:00:00]} Kxf6 {[%emt 0:00:07]} 52. Kf2 {[%emt 0:00:00]} Ke6 {[%emt 0:03:12]} 53. Kg3 {[%emt 0:00:00]} Kd7 {[%emt 0:02:42]} 54. Kh4 {[%emt 0:00:00]} Be2 {[%emt 0:03:29]} 55. Kg5 {[%emt 0:00:00]} Bxf3 {[%emt 0:02:01]} 56. Kxg6 {[%emt 0:00:00]} Ke6 {[%emt 0:00:08]} 57. h4 {[%emt 0:00:00]} Bxe4+ {[%emt 0:01:23]} 58. Kxh5 {[%emt 0:00:00]} Kf5 {[%emt 0:00:07]} 59. Kh6 {[%emt 0:00:00]} Kg4 {[%emt 0:03:30]} 60. Bf2 {[%emt 0:00:00]} Bb7 {[%emt 0:00:14]} 61. Kg6 {[%emt 0:11:55]} e4 {[%emt 0:15:12]} 62. Kf6 {[%emt 0:00:05]} 1-0

[Event "FIDE Chesscom Grand Swiss 2019"]
[Site "Douglas-Isle of Man"]
[Date "2019.10.20"]
[Round "10.32"]
[White "Rakotomaharo, Fy Antenaina"]
[Black "Christiansen, Johan-Sebastian"]
[Result "0-1"]
[WhiteElo "2428"]
[BlackElo "2558"]
[Annotator "ChessBase"]
[PlyCount "54"]
[EventDate "2019.10.10"]
[EventType "swiss"]
[EventCountry "GBR"]
[SourceTitle "playchess.com"]
[Source "ChessBase"]
[SourceQuality "1"]
[TimeControl "40/6000+30:20/3000+30:900+30"]

1. e4 {[%emt 0:00:00]} c5 {[%emt 0:01:38]} 2. Nf3 {[%emt 0:00:02]} Nc6 {[%emt 0:02:14]} 3. d4 {[%emt 0:01:56]} cxd4 {[%emt 0:00:17]} 4. Nxd4 {[%emt 0:00:06]} Nf6 {[%emt 0:01:28]} 5. Nc3 {[%emt 0:00:06]} d6 {[%emt 0:01:24]} 6. f3 {[%emt 0:05:07]} e5 {[%emt 0:03:11]} 7. Nb3 {[%emt 0:00:07]} Be7 {[%emt 0:02:32]} 8. Be3 {[%emt 0:00:22]} Be6 {[%emt 0:01:08]} 9. Qe2 {[%emt 0:00:31]} O-O {[%emt 0:02:10]} 10. O-O-O {[%emt 0:01:10]} Qc8 {[%emt 0:00:32]} 11. Kb1 {[%emt 0:08:52]} Rd8 {[%emt 0:09:50]} 12. g4 {[%emt 0:18:49]} d5 {[%emt 0:06:43]} 13. g5 {[%emt 0:00:24]} Nxe4 {[%emt 0:03:18]} 14. fxe4 {[%emt 0:11:42]} d4 {[%emt 0:05:27]} 15. Bg2 {[%emt 0:06:46]} dxc3 {[%emt 0:08:01]} 16. bxc3 {[%emt 0:00:35]} Qc7 {[%emt 0:01:43]} 17. Rd5 {[%emt 0:17:49]} Bxd5 {[%emt 0:06:57]} 18. exd5 {[%emt 0:00:04]} Na5 {[%emt 0:00:12]} 19. Be4 {[%emt 0:01:28]} Nc4 {[%emt 0:04:20]} 20. Bc1 {[%emt 0:04:47]} Ba3 {[%emt 0:06:46]} 21. Bd3 {[%emt 0:10:33]} Bxc1 {[%emt 0:04:51]} 22. Kxc1 {[%emt 0:00:09]} Nd6 {[%emt 0:08:11]} 23. Qxe5 {[%emt 0:09:17]} Rac8 {[%emt 0:00:33]} 24. Rf1 {[%emt 0:00:45]} Re8 {[%emt 0:07:00]} 25. Qd4 {[%emt 0:06:44]} Qxc3 {[%emt 0:00:41]} 26. Qxc3 {[%emt 0:00:59]} Rxc3 {[%emt 0:00:03]} 27. h4 {[%emt 0:00:15]} Re5 {[%emt 0:00:55]} 0-1

[Event "FIDE Chesscom Grand Swiss 2019"]
[Site "Douglas-Isle of Man"]
[Date "2019.10.20"]
[Round "10.33"]
[White "Oparin, Grigoriy"]
[Black "Abdusattorov, Nodirbek"]
[Result "1/2-1/2"]
[WhiteElo "2654"]
[BlackElo "2608"]
[Annotator "ChessBase"]
[PlyCount "82"]
[EventDate "2019.10.10"]
[EventType "swiss"]
[EventCountry "GBR"]
[SourceTitle "playchess.com"]
[Source "ChessBase"]
[SourceQuality "1"]
[TimeControl "40/6000+30:20/3000+30:900+30"]

1. d4 {[%emt 0:00:00]} Nf6 {[%emt 0:00:00]} 2. c4 {[%emt 0:00:00]} e6 {[%emt 0:00:00]} 3. Nf3 {[%emt 0:00:00]} b6 {[%emt 0:00:09]} 4. g3 {[%emt 0:00:00]} Bb7 {[%emt 0:00:08]} 5. Bg2 {[%emt 0:00:00]} Be7 {[%emt 0:00:06]} 6. O-O {[%emt 0:00:00]} O-O {[%emt 0:00:05]} 7. Nc3 {[%emt 0:00:01]} Ne4 {[%emt 0:00:34]} 8. Bd2 {[%emt 0:00:06]} Bf6 {[%emt 0:00:10]} 9. h4 {[%emt 0:00:06]} d6 {[%emt 0:08:36]} 10. Be1 {[%emt 0:00:07]} Nxc3 {[%emt 0:01:00]} 11. Bxc3 {[%emt 0:00:04]} Be4 {[%emt 0:02:11]} 12. Qd2 {[%emt 0:00:06]} Nd7 {[%emt 0:07:34]} 13. Qf4 {[%emt 0:00:15]} d5 {[%emt 0:01:01]} 14. cxd5 {[%emt 0:00:21]} exd5 {[%emt 0:00:25]} 15. Rfd1 {[%emt 0:00:31]} Re8 {[%emt 0:04:42]} 16. Ne5 {[%emt 0:10:25]} Bxg2 {[%emt 0:05:23]} 17. Kxg2 {[%emt 0:00:05]} Qe7 {[%emt 0:07:56]} 18. Ng4 {[%emt 0:08:26]} Qe6 {[%emt 0:09:19]} 19. Rac1 {[%emt 0:11:25]} Be7 {[%emt 0:04:47]} 20. Bd2 {[%emt 0:05:01]} c5 {[%emt 0:03:29]} 21. h5 {[%emt 0:30:01]} Bd6 {[%emt 0:08:17]} 22. Qf3 {[%emt 0:00:10]} cxd4 {[%emt 0:00:42]} 23. Bf4 {[%emt 0:07:14]} Bxf4 {[%emt 0:01:35]} 24. Qxf4 {[%emt 0:00:05]} Qe4+ {[%emt 0:00:05]} 25. Qf3 {[%emt 0:01:26]} Nc5 {[%emt 0:06:03]} 26. h6 {[%emt 0:02:37]} f5 {[%emt 0:06:11]} 27. Nh2 {[%emt 0:00:05]} f4 {[%emt 0:02:46]} 28. gxf4 {[%emt 0:07:06]} Qg6+ {[%emt 0:03:55]} 29. Kh1 {[%emt 0:05:11]} Qxh6 {[%emt 0:00:36]} 30. Rxd4 {[%emt 0:00:42]} Ne6 {[%emt 0:02:57]} 31. Rxd5 {[%emt 0:00:40]} Qxf4 {[%emt 0:02:07]} 32. e3 {[%emt 0:01:22]} Qxf3+ {[%emt 0:04:30]} 33. Nxf3 {[%emt 0:00:07]} Rad8 {[%emt 0:00:35]} 34. Rxd8 {[%emt 0:06:18]} Rxd8 {[%emt 0:00:05]} 35. Kg2 {[%emt 0:00:07]} Kf8 {[%emt 0:03:03]} 36. b4 {[%emt 0:05:53]} Ke7 {[%emt 0:02:04]} 37. a4 {[%emt 0:02:36]} Rd3 {[%emt 0:01:03]} 38. Ne5 {[%emt 0:01:27]} Ra3 {[%emt 0:02:11]} 39. a5 {[%emt 0:00:14]} bxa5 {[%emt 0:01:01]} 40. bxa5 {[%emt 0:00:04]} Ra2 {[%emt 0:02:24]} 41. Rd1 {[%emt 0:56:09]} Nc5 {[%emt 0:51:01]} 1/2-1/2

[Event "FIDE Chesscom Grand Swiss 2019"]
[Site "Douglas-Isle of Man"]
[Date "2019.10.20"]
[Round "10.33"]
[White "Gonzalez Vidal, Yuri"]
[Black "Arkell, Keith C"]
[Result "1/2-1/2"]
[WhiteElo "2552"]
[BlackElo "2447"]
[Annotator "TA"]
[PlyCount "156"]
[EventDate "2019.10.10"]
[EventType "swiss"]
[EventCountry "GBR"]
[SourceTitle "playchess.com"]
[Source "ChessBase"]
[SourceQuality "1"]

{[%evp 16,156,24,19,49,46,42,40,54,46,41,35,31,22,15,25,67,72,51,50,66,56,87,76,105,72,89,75,137,64,83,77,56,33,42,16,25,18,31,31,29,28,46,39,39,38,56,56,56,56,63,56,96,82,85,0,94,69,68,69,78,75,197,71,77,77,99,90,100,37,35,29,43,29,35,35,45,35,37,26,36,39,44,0,52,0,0,0,0,0,0,0,0,0,0,0,7,0,0,0,0,0,0,0,0,0,0,0,17,0,0,0,22,0,0,0,0,0,0,0,0,0,0,14,14,0,0,0,0,0,0,0,0,0,0,0,0,0,0,0,0,0,0]} 1. d4 d5 2. c4 c6 3. Nc3 Nf6 4. Nf3 g6 5. cxd5 cxd5 6. Bf4 Nc6 7. e3 Bg7 8. h3 O-O 9. Be2 b6 {D90: Grünfeld: 4 Nf3 Bg7 sidelines} (9... a6 10. O-O Bf5 11. Rc1 Rc8 12. Qb3 b5 13. Ne5 Nxe5 14. Bxe5 Ne4 15. Nxe4 Bxe4 16. Bxg7 Kxg7 17. Rc5 e5 18. Rfc1 Rxc5 19. dxc5 {1-0 (39) Carlsen,M (2834)-Yanchenko,R (2436) chess.com INT 2018}) 10. O-O Bb7 11. Rc1 Ne4 {White is slightly better.} 12. Qa4 a6 13. Qb3 $146 ({Predecessor:} 13. Rfd1 b5 14. Qc2 Nxc3 15. Qxc3 Qd7 16. Qd2 Rfc8 17. Ne1 {0-1 (68) Wojtkiewicz,A (2460)-Rowley,R (2400) Philadelphia 1989}) 13... Na5 14. Qb4 Nc6 15. Qa3 Nxc3 16. Rxc3 b5 17. Qb3 Qd7 18. a4 bxa4 19. Qxa4 Rfc8 20. Rfc1 e6 21. Bd1 Bf8 (21... h5 $142) 22. Bb3 (22. Ne1 $16) 22... Bd6 23. Bxd6 Qxd6 24. Ne1 Ne7 25. Nd3 Bc6 26. Qa1 Bb5 27. Nc5 Rc6 28. Ba4 Bxa4 29. Qxa4 Rb8 30. R1c2 Rcb6 31. Nd3 R6b7 32. g3 Kg7 33. Kg2 g5 34. Ra3 Rb6 35. Rac3 R6b7 36. Ne5 Rb4 37. Qa1 R8b7 38. Qc1 Qd8 {[#]} (38... h6 $16) 39. Nd3 (39. h4 $1 $18) 39... Rb3 40. Nc5 Rxc3 41. Rxc3 Ra7 42. Nd3 (42. Ra3 $16) 42... a5 $14 43. Ne5 Rb7 44. b3 Qb6 45. Nd3 h6 46. Qc2 Nf5 47. Ne5 Nd6 48. Rc6 Qd8 $1 49. Ra6 {[#] aiming for Qc6.} Qc8 ({Black should play} 49... Qb8 $11) 50. Qd1 (50. Qc5 $14 Qxc5 51. dxc5) 50... Ne4 $11 {Strongly threatening ...Rc7.The position is equal.} 51. Rxa5 Qc3 52. Ra8 (52. Ra2 {seems wilder.} Qxb3 53. Qxb3 Rxb3 54. h4 f6 55. Nd7) 52... Qxb3 53. Qxb3 Rxb3 {[%mdl 4096] Endgame KRN-KRN} 54. Ra7 Nd6 55. Rd7 Rb6 56. g4 Ra6 57. h4 Kf8 58. h5 Ke8 59. Rc7 Kd8 60. Rc2 f6 61. Nd3 {With the idea Nc5.} Ra7 62. Rb2 Kc7 63. Nc5 e5 (63... Nc4 $5 {[%cal Rc4b2]} 64. Rb5 e5 $11) 64. dxe5 fxe5 65. Nd3 Nf7 66. Rb5 Kc6 67. Rb8 Rd7 68. Re8 {Hoping for Rxe5.} Kd6 69. Rg8 d4 70. exd4 exd4 71. Kf1 Ne5 72. Nxe5 Kxe5 {KR-KR} 73. Rf8 Ra7 74. Ke2 Ra2+ 75. Kd3 Ra3+ 76. Ke2 Ra2+ 77. Kd3 Ra3+ 78. Ke2 Ra2+ {Accuracy: White = 51%, Black = 61%.} 1/2-1/2